Stávajú sa pracovné sily postkomunistických štátov EÚ viac vystavené AI?

Salvato in:
Dettagli Bibliografici
Autore principale: Procházka, Gabriel, 1998-
Natura: Capitolo di libro
Lingua:slovacco
Tags: Aggiungi Tag
Nessun Tag, puoi essere il primo ad aggiungerne!!

MARC

LEADER 00000naa a2200000 4500
001 0311737
005 20250730091800.8
041 0 |a slo 
044 |a SK 
245 1 0 |a Stávajú sa pracovné sily postkomunistických štátov EÚ viac vystavené AI?  |c Gabriel Procházka 
100 1 |a Procházka, Gabriel, 1998-